| 000 | 01307nam a2200301 a 4500 | ||
|---|---|---|---|
| 001 | 000047479 | ||
| 003 | DO-SdBNP | ||
| 005 | 20240307104728.0 | ||
| 007 | ta | ||
| 008 | 180606s2017 dr er 000 dspa d | ||
| 020 | _a9789945131956 | ||
| 040 |
_aBPMSU _bspa _cBPMSU |
||
| 082 | 4 |
_a128.4 _bA444a 2017 _222 |
|
| 100 | 1 |
_aAlmaguer,C R. _d1971- |
|
| 245 | 1 | 3 |
_aEl ángel y la bestia : _bconstruyendo al humano / _cC R Almaguer ; edición , diagramación y diseño Danay Delgado López |
| 260 |
_aSanto Domingo : _bMediabyte, _c2017. |
||
| 300 |
_a135 p. ; _c19 cm. |
||
| 500 | _aIncluye datos biográficos del autor en la contracubierta | ||
| 505 | 0 | _aUna lección de vida, 9.-- La breve, frágil y maravillosa vida humana, 15.-- El ángel y la bestia, 27.-- Alimentando al ángel, 45.-- Embridando a la bestia, 57.-- La educación como formación humana, 67.-- La instrucción, 85.-- La cultura, 95.-- El sostén material de la existencia, 105.-- La trascendencia de la vida, 117.-- Epílogo, 123. | |
| 590 | _aInventariado, 2024/VM | ||
| 650 | 4 | _aTeoría del conocimiento | |
| 650 | 4 |
_aVida _vAspectos filosóficos |
|
| 650 | 4 | _aAprendizaje transformador | |
| 650 | 4 | _aConciencia | |
| 700 | 1 |
_aDelgado López, Danay, _4ed. |
|
| 910 | _aVMateo V. Control de calidad. BPMSU | ||
| 942 |
_2ddc _cBK |
||
| 999 |
_c14207 _d14207 |
||